[Event "Vaxjo op"]
[Site "Vaxjo"]
[Date "2023.02.10"]
[Round "3"]
[White "Kucuksari, Kaan"]
[Black "Lindholm, Gustav"]
[Result "1-0"]
[WhiteElo "2507"]
[BlackElo "2128"]
[PlyCount "67"]
[EventDate "2023.02.10"]
[EventType "swiss"]
[EventRounds "8"]
[EventCountry "SWE"]
[SourceTitle "CBM 212 Extra"]
[Source "ChessBase"]
[SourceDate "2023.03.31"]
[SourceVersion "1"]
[SourceVersionDate "2023.03.31"]
[SourceQuality "1"]

1. d4 d5 2. c4 c6 3. Nf3 Nf6 4. Qc2 dxc4 5. e4 b5 6. b3 cxb3 7. axb3 e6 8. Bd2 a5 9. Bd3 Be7 10. 0-0 h6 11. Nc3 0-0 12. e5 Nd5 13. Nxd5 exd5 14. Qc1 f5 15. exf6 Rxf6 16. Ne5 Qb6 17. Qb2 Bf5 18. Bxf5 Rxf5 19. Qc2 Rf6 20. Ng4 Nd7 21. Rfe1 Bd6 22. Nxf6+ Nxf6 23. Be3 Ne4 24. Rac1 Rc8 25. f3 Nf6 26. Bf2 Qb8 27. g3 Qc7 28. Kg2 Qd7 29. Re2 Bb4 30. Be3 Bd6 31. Bd2 Qd8 32. Qg6 Kh8 33. Re6 Qf8 34. Bxh6 1-0